000 00453cam a2200181 4500
001 D9638
008 090401t xxu||||| |||| 00| 0 eng d
035 _a(Sirsi) u21338
041 _aeng
050 _a711.026
100 _aWalker-Smith, Derek
245 _a100 questions and answers on the Town and Country Planning Act [1947]
260 _aLondon
_bEstates Gazette
_cn.d
300 _a56p. 14cm
350 _a0
942 _n0
948 _c04/03/1997
999 _c87955
_d87955